Problémy vonkajšej a vnútornej rovnováhy v procese transformácie Slovenskej republiky

Na minha lista:
Detalhes bibliográficos
Autor principal: Martincová, Marta, 1955-
Formato: Capítulo de Livro
Idioma:eslovaco
Tags: Adicionar Tag
Sem tags, seja o primeiro a adicionar uma tag!

MARC

LEADER 00000naa$a2200000$$$4500
001 0111470
005 20240502072232.2
041 0 |a slo 
044 |a SK 
245 1 0 |a Problémy vonkajšej a vnútornej rovnováhy v procese transformácie Slovenskej republiky  |c Marta Martincová 
100 1 |a Martincová, Marta, 1955-